| 000 | 00709cam a22002291a 4500 | ||
|---|---|---|---|
| 001 | sa 68009454 | ||
| 003 | DLC | ||
| 005 | 20260227112542.0 | ||
| 008 | 830523s1968 ii 000 0 hin | ||
| 010 | _asa 68009454 | ||
| 035 | _a(OCoLC)9538134 | ||
| 040 |
_aDLC _cAzU _dNN _dDLC |
||
| 041 | 0 | _ahinsan | |
| 050 | 0 | 0 |
_aPK3621 _b.A7 1968 |
| 130 | 0 |
_aPuranas. _pAgnipurāṇa. _lHindi & Sanskrit. |
|
| 245 | 1 | 0 |
_aAgni-purāṇa / _csampādaka Śrīrāma Śarmā Ācārya. |
| 250 | _a1. saṃskaraṇa. | ||
| 260 |
_aBarelī : _bSaṃskr̥ti Saṃsthāna, _c1968. |
||
| 300 |
_a2 v. ; _c19 cm. |
||
| 546 | _aHindi and Sanskrit ; introduction in Hindi. | ||
| 700 | 1 |
_aŚarmā, Śrīrāma, _cĀcārya, _d1911-1990. |
|
| 999 |
_c82910 _d82910 |
||